<?xml version="1.0" encoding="UTF-8"?>
<record
    xmlns:xsi="http://www.w3.org/2001/XMLSchema-instance"
    xsi:schemaLocation="http://www.loc.gov/MARC21/slim http://www.loc.gov/standards/marcxml/schema/MARC21slim.xsd"
    xmlns="http://www.loc.gov/MARC21/slim">

  <leader>02186nam a22004217a 4500</leader>
  <controlfield tag="001">BRCA_9207</controlfield>
  <controlfield tag="003">FranzMayer</controlfield>
  <controlfield tag="005">20220809135057.0</controlfield>
  <controlfield tag="008">220718b        |||||||| |||| 00| 0 eng d</controlfield>
  <datafield tag="020" ind1=" " ind2=" ">
    <subfield code="a">9786076056097</subfield>
  </datafield>
  <datafield tag="040" ind1=" " ind2=" ">
    <subfield code="b">spa</subfield>
    <subfield code="c">MFM</subfield>
  </datafield>
  <datafield tag="041" ind1=" " ind2=" ">
    <subfield code="a">spa</subfield>
  </datafield>
  <datafield tag="050" ind1="0" ind2="0">
    <subfield code="a">N910.M4.A6</subfield>
    <subfield code="b">T47 2019</subfield>
  </datafield>
  <datafield tag="245" ind1="0" ind2="0">
    <subfield code="a">Territorios de la memoria :</subfield>
    <subfield code="b">1985-2019 /</subfield>
    <subfield code="c">Kitula Hern&#xE1;ndez, coordinaci&#xF3;n editorial y dise&#xF1;o ; Jos&#xE9; Manuel Springer, investigaci&#xF3;n y texto.</subfield>
  </datafield>
  <datafield tag="264" ind1=" " ind2="1">
    <subfield code="a">Ciudad de M&#xE9;xico :</subfield>
    <subfield code="b">Instituto Nacional de Bellas Artes, Museo de Arte Moderno,</subfield>
    <subfield code="c">2019.</subfield>
  </datafield>
  <datafield tag="300" ind1=" " ind2=" ">
    <subfield code="a">103 p. :</subfield>
    <subfield code="b">il., fot. ;</subfield>
    <subfield code="c">20 x 25 cm. + </subfield>
    <subfield code="e">Folleto (14.5 x 19 cm.) </subfield>
  </datafield>
  <datafield tag="490" ind1="1" ind2=" ">
    <subfield code="a">Museos y galer&#xED;as</subfield>
  </datafield>
  <datafield tag="500" ind1=" " ind2=" ">
    <subfield code="a">Ubicaci&#xF3;n: L59-N5</subfield>
  </datafield>
  <datafield tag="500" ind1=" " ind2=" ">
    <subfield code="a">Cat&#xE1;logo publicado con motivo de la exposici&#xF3;n "Territorios de la memoria. 1985-2019" realizada en el Museo de Arte Moderno de la Ciudad de M&#xE9;xico (6 de junio al 22 de septiembre de 2019).</subfield>
  </datafield>
  <datafield tag="500" ind1=" " ind2=" ">
    <subfield code="a">Incluye im&#xE1;genes de la Colecci&#xF3;n Franz Mayer (p. 35)</subfield>
  </datafield>
  <datafield tag="500" ind1=" " ind2=" ">
    <subfield code="a">Incluye folleto "Territorios de la memoria. 1985-2019", gu&#xED;a de la exposici&#xF3;n.</subfield>
  </datafield>
  <datafield tag="504" ind1=" " ind2=" ">
    <subfield code="a">Bibliograf&#xED;a: p. 83</subfield>
  </datafield>
  <datafield tag="505" ind1="2" ind2=" ">
    <subfield code="t">Cuatro territorios de la memoria / </subfield>
    <subfield code="r">Jos&#xE9; Manuel Springer</subfield>
  </datafield>
  <datafield tag="505" ind1="2" ind2=" ">
    <subfield code="t">La imagen dial&#xF3;gica</subfield>
  </datafield>
  <datafield tag="505" ind1="2" ind2=" ">
    <subfield code="t">Historia y memoria</subfield>
  </datafield>
  <datafield tag="505" ind1="2" ind2=" ">
    <subfield code="t">Territorios violentados</subfield>
  </datafield>
  <datafield tag="505" ind1="2" ind2=" ">
    <subfield code="t">La naci&#xF3;n migra</subfield>
  </datafield>
  <datafield tag="505" ind1="2" ind2=" ">
    <subfield code="t">El duelo y lo que vendr&#xE1;.</subfield>
  </datafield>
  <datafield tag="520" ind1=" " ind2=" ">
    <subfield code="a">Exposici&#xF3;n colectiva curada por Jos&#xE9; Manuel Springer, que re&#xFA;ne m&#xE1;s de noventa obras de diferentes artistas multidisciplinarios. La muestra explora y denuncia la cruda realidad que ha golpeado el entorno social en las &#xFA;ltimas tres d&#xE9;cadas a partir de una narraci&#xF3;n en cuatro territorios tem&#xE1;ticos.  </subfield>
    <subfield code="c">- Lucina Jim&#xE9;nez, Directora general del Instituto Nacional de Bellas Artes y Literatura</subfield>
  </datafield>
  <datafield tag="650" ind1=" " ind2="0">
    <subfield code="a">Arte</subfield>
    <subfield code="y">Siglo XX</subfield>
    <subfield code="v">Exposiciones</subfield>
    <subfield code="z">M&#xE9;xico</subfield>
    <subfield code="9">28461</subfield>
  </datafield>
  <datafield tag="650" ind1=" " ind2="0">
    <subfield code="a">Arte</subfield>
    <subfield code="y">Siglo XXI</subfield>
    <subfield code="v">Exposiciones</subfield>
    <subfield code="z">M&#xE9;xico</subfield>
    <subfield code="9">28462</subfield>
  </datafield>
  <datafield tag="650" ind1=" " ind2="0">
    <subfield code="a">Fotograf&#xED;a art&#xED;stica  </subfield>
    <subfield code="v">Exposiciones</subfield>
  </datafield>
  <datafield tag="650" ind1=" " ind2="0">
    <subfield code="a">Art and society</subfield>
    <subfield code="z">M&#xE9;xico</subfield>
    <subfield code="v">Exposiciones</subfield>
    <subfield code="9">28463</subfield>
  </datafield>
  <datafield tag="651" ind1=" " ind2="0">
    <subfield code="a">M&#xE9;xico</subfield>
    <subfield code="v">En el arte</subfield>
    <subfield code="v">Exposiciones</subfield>
    <subfield code="9">28464</subfield>
  </datafield>
  <datafield tag="830" ind1=" " ind2="0">
    <subfield code="a">Museos y galer&#xED;as.</subfield>
    <subfield code="9">239</subfield>
  </datafield>
  <datafield tag="942" ind1=" " ind2=" ">
    <subfield code="2">lcc</subfield>
    <subfield code="c">B</subfield>
  </datafield>
  <datafield tag="999" ind1=" " ind2=" ">
    <subfield code="c">10826</subfield>
    <subfield code="d">10826</subfield>
  </datafield>
  <datafield tag="952" ind1=" " ind2=" ">
    <subfield code="0">0</subfield>
    <subfield code="1">0</subfield>
    <subfield code="2">lcc</subfield>
    <subfield code="4">0</subfield>
    <subfield code="7">0</subfield>
    <subfield code="a">BRCA</subfield>
    <subfield code="b">BRCA</subfield>
    <subfield code="d">2022-07-18</subfield>
    <subfield code="l">0</subfield>
    <subfield code="o">N910.M4.A6 T47 2019 </subfield>
    <subfield code="p">CONT9986</subfield>
    <subfield code="r">2022-07-18 00:00:00</subfield>
    <subfield code="w">2022-07-18</subfield>
    <subfield code="y">B</subfield>
  </datafield>
  <datafield tag="952" ind1=" " ind2=" ">
    <subfield code="0">0</subfield>
    <subfield code="1">0</subfield>
    <subfield code="2">lcc</subfield>
    <subfield code="4">0</subfield>
    <subfield code="7">0</subfield>
    <subfield code="a">BRCA</subfield>
    <subfield code="b">BRCA</subfield>
    <subfield code="d">2022-07-18</subfield>
    <subfield code="l">0</subfield>
    <subfield code="o">N910.M4.A6 T47 2019</subfield>
    <subfield code="p">CONT9987</subfield>
    <subfield code="r">2022-07-18 00:00:00</subfield>
    <subfield code="w">2022-07-18</subfield>
    <subfield code="y">B</subfield>
  </datafield>
</record>
